000 00437 a2200145 4500
003 OSt
005 20231124144837.0
008 231124b |||||||| |||| 00| 0 eng d
020 _a9789355735771
040 _coclc
082 _a540
_bCEN/Y
245 _a11Years JEE (Main) (2013-2023) Chapterwise Topicwise Chemistry solved Questions /
260 _bCengage,
_c2023.
942 _2ddc
_cBK
_h540
_iCEN/Y
_k540
_mCEN/Y
999 _c43630
_d43630